000 00808 a2200229 4500
999 _c8381
_d8381
003 GBCCL
005 20241126110649.0
008 200224b ||||| |||| 00| 0 eng d
020 _a9789351251309
020 _a9789351251316
040 _cgbc
082 _a305.4209542
_bYAD
100 _aYadav, Hridai Ram
_914651
245 _aWomen empowerment
260 _aNew Delhi :
_bConcept Publishing Company Pvt. Ltd.,
_c2015.
300 _a2 volumes : maps (black and white) ; 23 cm
505 _aVolume I. History, policy and legislation -- volume II. Programmes, status and recommendations.
650 _aWomen -- Political activity -- India -- Amethi.
_914652
650 _aPanchayat -- India -- Amethi.
_914653
650 _aWomen in development -- India -- Amethi.
_914654
942 _2ddc
_cBK
_02